000 00479nam a2200193Ia 4500
005 20240913125248.0
008 240913s9999||||xx |||||||||||||| ||und||
020 _a0-534-24665-6
041 _aENGLISH
082 _A370.72 P2
100 _aAry,Donald [et al]
245 0 _aIntroduction to Research in Education
250 _a6th
260 _c2002
_bWadsworth,Aust
500 _aREFERENCE
650 _aResearching
_bManagement Studies
942 _cREF
999 _c245172
_d245172